00698nam a2200205Ia 4500003000900000008004100009020001800050040001600068080001600084110003500100245012000135250001300255260004400268300001100312650003600323650001900359942000700378999001500385952009200400IN-BaIIA211028s9999 xx 000 0 eng d a0-85229-413-1 cIIA Library a031bEBR-17 aEncyclopedia Britannica910946 4athe New Encyclopaedia Britannica in 30 volumes : Macropaediabvol. 17, Knowledge in Dept.hcEncyclopedia Britannica a15th ed. aChicagobEncyclopaedia Britannicac1984 a1087p. aEncyclopedia-Macropaedia913720 aNASA thesaurus cBK c8166d8166 00104070aBANbBANcGENd1985-03-19l0o031/ EBR-17p9005r2021-11-05w1985-03-19yBK